[Event "IECG TE.2002.P.01014 email"]
[Site "IECG email"]
[Date "2002.03.28"]
[Round "?"]
[White "Rodriguez, Jose L Olazagoitia"]
[Black "Malmstroem, Jan"]
[Result "1-0"]
[WhiteElo "800"]
[BlackElo "1934"]
[PlyCount "45"]
[EventDate "2002.03.28"]
[EventType "tourn (corr)"]
[EventRounds "12"]
[SourceTitle "Corr 2008"]
[Source "ChessBase"]
[SourceDate "2008.06.24"]
[SourceVersion "1"]
[SourceVersionDate "2008.06.24"]
[SourceQuality "1"]

1. e4 e5 2. Nf3 Nc6 3. Bb5 Bc5 4. c3 Nf6 5. d4 exd4 6. e5 Nd5 7. 0-0 Nce7 8. cxd4 Bb6 9. Bc4 d6 10. Nc3 Be6 11. exd6 Qxd6 12. Ne4 Qb4 13. b3 Nc6 14. a4 Qe7 15. Ba3 Qd7 16. a5 Bxa5 17. Nc5 Qc8 18. Ng5 Bg4 19. Qd3 Nce7 20. Bxd5 Nxd5 21. Qe4+ Be6 22. Ngxe6 fxe6 23. Nxe6 1-0

[Event "IECG CP.1999.P.00034"]
[Site "IECG email"]
[Date "1999.10.01"]
[Round "?"]
[White "Hameister, Raik"]
[Black "Rodriguez, Jose L Olazagoitia"]
[Result "1-0"]
[WhiteElo "1896"]
[BlackElo "2269"]
[PlyCount "61"]
[EventDate "1999.10.01"]
[EventType "tourn (corr)"]
[EventRounds "6"]
[EventCountry "GER"]
[SourceTitle "Corr 2008"]
[Source "ChessBase"]
[SourceDate "2008.06.24"]
[SourceVersion "1"]
[SourceVersionDate "2008.06.24"]
[SourceQuality "1"]

1. e4 e6 2. d4 d5 3. Nc3 Bb4 4. e5 c5 5. a3 Ba5 6. b4 cxd4 7. Qg4 Ne7 8. bxa5 dxc3 9. Qxg7 Rg8 10. Qxh7 Nbc6 11. f4 Qxa5 12. Nf3 Bd7 13. Ng5 Rf8 14. Rb1 b6 15. Qd3 Nf5 16. Nh7 Rh8 17. Nf6+ Ke7 18. g4 Nh4 19. h3 Rac8 20. Rh2 d4 21. Re2 Rc7 22. Re4 Bc8 23. a4 Bb7 24. Ba3+ Kd8 25. Kf2 Qxa4 26. Bd6 Rc8 27. Qd1 Nf5 28. gxf5 exf5 29. Bb5 Qa2 30. Qg1 fxe4 31. Qg7 1-0

[Event "IECG CP.1999.P.00034"]
[Site "IECG email"]
[Date "1999.10.01"]
[Round "?"]
[White "Plumhoff, Bernd"]
[Black "Rodriguez, Jose L Olazagoitia"]
[Result "1-0"]
[WhiteElo "2008"]
[BlackElo "2269"]
[PlyCount "77"]
[EventDate "1999.10.01"]
[EventType "tourn (corr)"]
[EventRounds "6"]
[EventCountry "GER"]
[SourceTitle "Corr 2008"]
[Source "ChessBase"]
[SourceDate "2008.06.24"]
[SourceVersion "1"]
[SourceVersionDate "2008.06.24"]
[SourceQuality "1"]

1. d4 e6 2. c4 d5 3. Nc3 Nf6 4. Nf3 c6 5. Bg5 dxc4 6. e4 b5 7. e5 h6 8. Bh4 g5 9. Nxg5 Nd5 10. Nxf7 Qxh4 11. Nxh8 Bb4 12. Rc1 Qe4+ 13. Qe2 Qxd4 14. Qh5+ Kd7 15. Qf7+ Kd8 16. Qg8+ Kc7 17. Qg3 Qe4+ 18. Kd1 Qd4+ 19. Kc2 Nd7 20. Rd1 Qxe5 21. Ng6 Qxg3 22. hxg3 N7f6 23. Rxh6 Bxc3 24. bxc3 Ne4 25. Re1 Nexc3 26. a3 Na4 27. g4 Bd7 28. g3 a5 29. Ne5 Nc5 30. f4 Nb3 31. g5 Nd4+ 32. Kc1 c3 33. Rh7 Rd8 34. g6 b4 35. Nxd7 Rxd7 36. Bc4 bxa3 37. Rxd7+ Kxd7 38. g7 Nf6 39. g4 1-0

[Event "IECG CM.1998.0.00059"]
[Site "IECG email"]
[Date "1998.??.??"]
[Round "?"]
[White "Rodriguez, Jose L Olazagoitia"]
[Black "Al Jabari, Omar"]
[Result "1-0"]
[WhiteElo "2265"]
[BlackElo "1893"]
[PlyCount "81"]
[EventDate "1998.10.06"]
[EventType "tourn (corr)"]
[EventRounds "6"]
[SourceTitle "Corr 2008"]
[Source "ChessBase"]
[SourceDate "2008.06.24"]
[SourceVersion "1"]
[SourceVersionDate "2008.06.24"]
[SourceQuality "1"]

1. e4 c5 2. Nf3 d6 3. d4 cxd4 4. c3 Nf6 5. e5 dxe5 6. Nxe5 Nbd7 7. Qxd4 Nxe5 8. Qxe5 a6 9. Bc4 e6 10. Bf4 Be7 11. 0-0 0-0 12. Bb3 Bd7 13. Rd1 Qb6 14. Nd2 Bc5 15. Qe2 Bb5 16. Bc4 Rfd8 17. Bxb5 Qxb5 18. Qxb5 axb5 19. Nb3 Bb6 20. Rxd8+ Rxd8 21. Bg5 Bxf2+ 22. Kxf2 Ne4+ 23. Ke3 Nxg5 24. h4 Rd5 25. hxg5 Rxg5 26. Rd1 Kf8 27. Kf2 Rf5+ 28. Kg1 Ke7 29. Na5 b6 30. Nc6+ Kf6 31. Rf1 e5 32. Na7 Rxf1+ 33. Kxf1 Ke6 34. Nxb5 Kd7 35. b4 Kc6 36. a4 g6 37. c4 f5 38. a5 bxa5 39. bxa5 Kb7 40. c5 e4 41. Nd6+ 1-0

[Event "IECG CM.1998.0.00059"]
[Site "IECG email"]
[Date "1998.??.??"]
[Round "?"]
[White "Rodriguez, Jose L Olazagoitia"]
[Black "Civin, Tomas"]
[Result "1-0"]
[WhiteElo "2265"]
[BlackElo "2360"]
[PlyCount "83"]
[EventDate "1998.10.06"]
[EventType "tourn (corr)"]
[EventRounds "6"]
[SourceTitle "Corr 2008"]
[Source "ChessBase"]
[SourceDate "2008.06.24"]
[SourceVersion "1"]
[SourceVersionDate "2008.06.24"]
[SourceQuality "1"]

1. c4 Nf6 2. Nc3 e5 3. e4 Bb4 4. d3 0-0 5. g3 c6 6. Bg5 h6 7. Bxf6 Qxf6 8. Bg2 d6 9. h3 a5 10. Nge2 Na6 11. 0-0 Qg6 12. Na4 Bc5 13. d4 Ba7 14. Qd2 exd4 15. Nxd4 Nc5 16. Nc3 Qg5 17. Qxg5 hxg5 18. Rad1 g4 19. Kh2 gxh3 20. Bxh3 Bxh3 21. Kxh3 Rfe8 22. f3 g6 23. Rd2 Kg7 24. Kg4 Re5 25. Rh1 Rg8 26. Kf4 Rh8 27. Rxh8 Kxh8 28. g4 Kg7 29. b3 Bb6 30. a3 Na6 31. Kg3 Re8 32. f4 Kf6 33. Ndb5 cxb5 34. Rxd6+ Kg7 35. Rxb6 b4 36. axb4 axb4 37. Nd5 Rxe4 38. Rxb7 Rd4 39. Nxb4 Nc5 40. Re7 Nxb3 41. Nc6 Rxc4 42. Ne5 1-0

[Event "IECG CM.1998.0.00059"]
[Site "IECG email"]
[Date "1998.??.??"]
[Round "?"]
[White "Rodriguez, Jose L Olazagoitia"]
[Black "Nava Baro, Enrique"]
[Result "1/2-1/2"]
[WhiteElo "2265"]
[BlackElo "2127"]
[PlyCount "58"]
[EventDate "1998.10.06"]
[EventType "tourn (corr)"]
[EventRounds "6"]
[SourceTitle "Corr 2008"]
[Source "ChessBase"]
[SourceDate "2008.06.24"]
[SourceVersion "1"]
[SourceVersionDate "2008.06.24"]
[SourceQuality "1"]

1. d4 d5 2. Nf3 Nf6 3. Bg5 e6 4. e3 c5 5. c3 Nbd7 6. Bd3 Be7 7. Nbd2 b6 8. 0-0 Bb7 9. Qb1 h6 10. Bxf6 Bxf6 11. Re1 0-0 12. e4 cxd4 13. cxd4 dxe4 14. Bxe4 Bxe4 15. Qxe4 Be7 16. Nc4 Nf6 17. Qe2 Rc8 18. Rac1 Qd5 19. Ne3 Qb7 20. Ne5 Rfd8 21. Qf3 Qxf3 22. Nxf3 b5 23. Kf1 Kf8 24. Ke2 Ne4 25. Rxc8 Rxc8 26. Ne5 Bd6 27. f4 f6 28. Rf1 Ke8 29. Ng6 Kf7 1/2-1/2

[Event "IECG CM.1998.0.00059"]
[Site "IECG email"]
[Date "1998.??.??"]
[Round "?"]
[White "Schiller, Wilfried"]
[Black "Rodriguez, Jose L Olazagoitia"]
[Result "1/2-1/2"]
[WhiteElo "2237"]
[BlackElo "2265"]
[PlyCount "64"]
[EventDate "1998.10.06"]
[EventType "tourn (corr)"]
[EventRounds "6"]
[SourceTitle "Corr 2008"]
[Source "ChessBase"]
[SourceDate "2008.06.24"]
[SourceVersion "1"]
[SourceVersionDate "2008.06.24"]
[SourceQuality "1"]

1. e4 e6 2. d4 d5 3. Nd2 Nf6 4. e5 Nfd7 5. c3 c5 6. Ndf3 Nc6 7. Bd3 Qb6 8. Ne2 cxd4 9. cxd4 f6 10. exf6 Nxf6 11. 0-0 Bd6 12. Nc3 0-0 13. Be3 Kh8 14. Rc1 Bd7 15. a3 Be8 16. Ng5 Bh5 17. Qd2 Rae8 18. Na4 Qc7 19. Nc5 Bxc5 20. Rxc5 Ng4 21. f4 h6 22. Nh3 Nxe3 23. Qxe3 Bg4 24. b4 Bxh3 25. b5 Bf5 26. Be2 Be4 27. g3 Qb6 28. bxc6 bxc6 29. Rfc1 Rc8 30. Qc3 Rc7 31. Bg4 Bf5 32. Be2 Be4 1/2-1/2